00451nam a2200145 a 450000100100000000500170001000800410002708200110006824500450007926000760012430000280020049000320022883000320026004000130029200004838720201002061121.0190219s2014 dr a 000 0 spa d axxbxx00aClara Ledesma :bespejo de la memoria /. aSanto Domingo :bMuseo de Arte Moderno ;bMinisterio de Cultura,c2014. a91 p. :bils. ;c31 cm.1 aFernándo Báez Guerrero,00aFernándo Báez Guerrero, aDO-SdBNP